most valuable currencies in the world - Statistics

General Stats
  • This quiz has been taken 29 times
  • The average score is 3 of 10
Answer Stats
Answer % Correct
8 euro
89%
10 us dollar
81%
6 british pound
52%
9 swiss franc
37%
1 kuwaiti dinar
26%
2 bahraini dinar
19%
4 jordanian dinar
11%
3 omani rial
11%
5 caymanian dollar
7%
7 gibraltar pound
7%
No matching quizzes found
Score Distribution
Percent of People with Each Score
Percentile by Number Answered
Your Score History
You have not taken this quiz